[Event "Teplice Open 2018"]
[Site "Teplice"]
[Date "2018.06.17"]
[Round "2"]
[White "Movsziszian, Karen"]
[Black "Weinzettl, Ernst"]
[Result "1-0"]
[WhiteElo "2527"]
[BlackElo "2207"]
[Annotator "TA"]
[PlyCount "125"]
[EventDate "2018.06.16"]
[EventType "swiss"]
[EventCountry "CZE"]
[SourceTitle "playchess.com"]
[Source "ChessBase"]
[SourceQuality "1"]

{[%evp 18,125,-23,-33,7,0,0,0,0,0,17,0,91,70,68,57,131,119,91,25,25,0,0,0,0,0,0,0,0,0,0,-178,55,55,55,55,55,55,55,55,60,55,75,58,60,62,64,62,63,34,42,0,0,0,6,0,51,20,14,0,0,0,25,0,0,0,0,0,0,0,0,0,10,0,0,0,0,0,217,0,51,63,71,52,72,0,0,0,0,0,79,87,100,59,92,98,110,61,194,182,470,589,497,454,1137,1404,12836,11746,12840,12840]} 1. g3 Nf6 2. Bg2 d5 3. Nf3 g6 4. d4 Bg7 5. O-O O-O 6. c4 Nc6 7. Ne5 dxc4 8. Nxc6 bxc6 9. Bxc6 Rb8 10. Nc3 Bb7 {D77: Fianchetto Grünfeld: 6 0-0: Replies other than 6...c6} 11. Bxb7 Rxb7 12. Rb1 Qd7 {The position is equal.} 13. e4 $146 ({Predecessor:} 13. Bg5 Rfb8 14. Qd2 Ne8 15. Rfd1 Nd6 16. e4 Nb5 17. Be3 Qg4 18. Qc2 {0-1 (46) Stamenkovic,Z (2370)-Tosic,M (2440) Cetinje 1993}) 13... Rd8 14. Qe2 Qh3 (14... Qxd4 $2 15. Rd1 $18) (14... Ng4 $11) 15. Rd1 c6 16. f3 Rbd7 (16... Qe6 $14) 17. Be3 $16 (17. Qxc4 $6 e5 $14) 17... Nh5 {[%cal Rg7d4]} 18. g4 ({Stronger than} 18. Qxc4 Nxg3 19. Rd3 Nh5 $15) (18. Qf2 $16) 18... Nf6 $11 19. Rbc1 h5 {[%cal Rh5g4]} 20. g5 Nh7 {[%cal Rg7d4]} 21. Qf2 Bxd4 22. Rxd4 Rxd4 23. Bxd4 Nxg5 24. Rf1 $2 (24. Rd1 $1 $11) 24... Rxd4 $2 ({Better is} 24... Qd7 $1 $19 25. Kg2 Qxd4) 25. Qxd4 $14 {Black must now prevent Qe3.} Nxf3+ 26. Rxf3 Qxf3 27. Qf2 Qg4+ 28. Qg3 Qd7 29. Qe3 Qg4+ 30. Kf2 Qh4+ 31. Qg3 Qf6+ 32. Ke1 Kg7 33. Qf2 Qe5 34. Qxa7 Qxh2 35. Qf2 Qe5 36. a4 g5 ({Black should try} 36... f6 $11) 37. Kf1 (37. Qf5 $5 {[%cal Rf5e5]} Qg3+ 38. Kf1 $14) 37... f6 $1 38. Qf5 Qb8 39. Qc5 Qxb2 {With the idea ...Qc1+.} 40. Qxe7+ Kg6 41. Qe8+ Kg7 $1 42. Qd7+ Kg6 $1 43. Qd4 h4 44. Ne2 Qb1+ 45. Kf2 {a5 is the strong threat.} Qa2 46. e5 fxe5 47. Qe4+ Kh5 $2 {[#]} (47... Kh6 $11 {and Black is okay.}) 48. Qxc6 $2 ({White has to play} 48. Qh7+ $1 $18 Kg4 49. Qf7) 48... e4 (48... c3 $11) 49. Qe8+ Kh6 50. Qe6+ Kh5 51. Qd7 ({But not} 51. Qxe4 Qxa4 52. Qh7+ Kg4 $11) (51. Qf7+ $16 Kh6 52. Qf6+ Kh5 53. Qf5) 51... Kh6 $11 52. Ke3 Qb3+ 53. Kxe4 Qc2+ (53... h3 $11) 54. Ke3 $16 Qb3+ 55. Kf2 {Strongly threatening Qe6+.} Qb6+ 56. Qd4 Qc7 57. Ke1 Kh5 {[#]} ({Black should play} 57... Qa5+ $14 58. Nc3 Qf5) 58. Qd5 $1 $18 Kg4 $2 (58... h3 59. Kf1 Qg7 60. Qf3+ g4 61. Qd5+ Kg6 62. Nf4+ Kh7 63. Qxc4 Qf6) 59. a5 {[%cal Ba4a5,Ba5a6][%mdl 32] White is clearly winning.} h3 60. Kf2 Qh2+ (60... c3 $142 61. Qe4+ Kh5 62. Ng3+ Kh6 63. Nf5+ Kh7 64. Nd4+ Kh6 65. Nf5+ Kh7 66. Nd6+ Kg8) 61. Kf1 Kh5 62. a6 {White threatens a7 and mate.} Qc7 63. Qb7 {Precision: White = 59%, Black = 49%.} 1-0

[Event "Teplice Open 2018"]
[Site "Teplice"]
[Date "2018.06.17"]
[Round "2"]
[White "Sylvan, Jacob"]
[Black "Demchenko, Anton"]
[Result "0-1"]
[WhiteElo "2326"]
[BlackElo "2670"]
[Annotator "TA"]
[PlyCount "102"]
[EventDate "2018.06.16"]
[EventType "swiss"]
[EventCountry "CZE"]
[SourceTitle "playchess.com"]
[Source "ChessBase"]
[SourceQuality "1"]

{[%evp 24,102,51,50,48,46,67,0,59,12,86,81,104,0,43,25,45,42,97,88,78,86,96,73,82,72,85,73,87,10,43,-195,-188,-195,-194,-183,-187,-191,-187,-189,-187,-187,-180,-288,-285,-368,-369,-476,-475,-460,-350,-345,-343,-364,-333,-465,-465,-457,-457,-536,-434,-425,-444,-434,-436,-391,-405,-577,-568,-639,-616,-29986,-947,-806,-788,-739,-640,-1311,-1200,-29982,-29983]} 1. e4 c5 2. Nf3 d6 3. d4 cxd4 4. Nxd4 Nf6 5. Nc3 Nc6 6. Bg5 e6 7. Qd2 a6 8. O-O-O Bd7 9. f4 {[%cal Bf2f4,Bf4f5][%mdl 32]} Be7 10. Nf3 b5 11. Bxf6 gxf6 12. Kb1 b4 {B69: Sizilianisch (Richter/Rauser-Angriff)} 13. Ne2 {LiveBook: 5 Partien} h5 {[#]} 14. f5 $1 {[%mdl 512]} e5 $1 {[#] Weiß steht etwas besser.} (14... exf5 15. exf5) 15. h4 $146 (15. Nc1 $14) ({Vorgänger:} 15. Rg1 Qb6 16. g4 Qf2 17. Qd3 hxg4 18. Rxg4 Nd8 19. Rg2 Qc5 20. Ng3 {1-0 (29) Anand,V (2782)-Demchenko,A (2660) Riadh 2017}) 15... Qb6 (15... a5 $11) 16. Ng3 Na5 (16... Rc8 $11 {bleibt in der Remisbreite.}) 17. Bd3 $16 Bc6 18. Nf1 ({Günstiger ist} 18. Qe2 $16) 18... Nb7 19. Qe2 Nc5 20. N3d2 d5 {[#]} (20... Nxd3 $14 21. cxd3 (21. Qxd3 Qb7 $11) 21... d5) 21. exd5 $1 Bxd5 22. Bc4 Bc6 23. Ng3 O-O-O 24. Bxf7 Qb7 25. Rhg1 Rd4 26. Nxh5 ({Lieber} 26. Bxh5 $16 Rxh4 27. Bf7) 26... Rhd8 {Und weiter mit ...Lb5 wäre nett.} (26... Bb5 $5 {[%cal Rb5e2]} 27. Bc4 Rhd8 $11) 27. Nb3 $2 (27. Nc4 $14 {behält die Oberhand.}) 27... Bb5 $19 28. Nxd4 Bxe2 29. Nxe2 Rxd1+ 30. Rxd1 Qe4 ({Finger weg von} 30... Qxg2 31. Nhg3 $17) 31. Nhg3 Qxh4 32. Bd5 Qg5 33. a3 (33. Bc6 {war einen Versuch wert.}) 33... bxa3 34. b4 Na4 35. Be6+ Kb8 36. Ka2 Qg4 37. Rb1 Nb2 38. c3 {[#]} a5 $1 {[%mdl 512]} 39. Kxa3 (39. bxa5 Qa4) 39... Nd3 40. Kb3 axb4 41. cxb4 Nf4 42. Bc4 Nxg2 43. Rc1 Qf3+ 44. Rc3 Qb7 45. b5 (45. Kb2 $142) 45... Qa7 46. Be6 Ne3 {[%csl Ge7][%cal Ra7a3]} 47. Rc8+ Kb7 {[%csl Ge7][%cal Ra7a3]} 48. Kc3 Qa3+ 49. Kd2 Ng2 50. Rc4 {Wenn Weiss jetzt Zeit für Ld5+ hätte...} Bb4+ 51. Nc3 Qb2+ {Precision: Weiß = 45%, Schwarz = 66%.} 0-1

[Event "Teplice Open 2018"]
[Site "Teplice"]
[Date "2018.06.17"]
[Round "2"]
[White "Paszewski, Mateusz"]
[Black "Romanov, Evgeny"]
[Result "0-1"]
[WhiteElo "2322"]
[BlackElo "2628"]
[Annotator "TA"]
[PlyCount "72"]
[EventDate "2018.06.16"]
[EventType "swiss"]
[EventCountry "CZE"]
[SourceTitle "playchess.com"]
[Source "ChessBase"]
[SourceQuality "1"]

{[%evp 26,72,36,33,53,53,51,54,52,52,58,46,54,48,55,43,44,2,27,0,18,0,-8,-47,-59,-56,-56,-69,-56,-115,-107,-141,-121,-272,-281,-385,-348,-714,-695,-665,-701,-696,-667,-1357,-1357,-2018,-1951,-1743,-1730]} 1. e4 c5 2. Nf3 Nc6 3. d4 cxd4 4. Nxd4 Nf6 5. Nc3 d6 6. Bg5 e6 7. Qd2 a6 8. O-O-O Qb6 9. Bxf6 gxf6 10. Nb3 Bd7 11. f4 O-O-O {B60: Sicilian: Richter-Rauzer: Unusual Black 6th moves and 6...Bd7 without 7 Qd2} 12. Be2 h5 13. Rhf1 {[%cal Bh1f1,Bf1f3,Bf3h3,Bh3d3,Bd3d4,Bd4b4][%mdl 32]} Kb8 (13... Na5 14. Nxa5 Qxa5 15. Rf3 Rg8 16. Qd4 f5 17. exf5 d5 18. Qe5 Qc7 19. Qxc7+ Kxc7 {½-½ (56) Kantans,T (2524)-Naiditsch,A (2702) Antalya 2017}) 14. Rf3 {LiveBook: 17 Games} Ne5 15. Rh3 $1 ({Don't go for} 15. fxe5 $2 Bh6 $19) 15... h4 16. Kb1 Ng6 17. Rd3 $146 Rc8 18. Bf1 Rc7 19. a3 Be7 20. Rd4 Rhc8 21. Rb4 Qa7 $1 22. Na5 (22. f5 $5 {[%cal Rf5g6]} Ne5 23. Nd4 $11) 22... Be8 (22... d5 $5) 23. Rb3 Ka8 {Threatening ...b6.} 24. Rb4 (24. f5 $5 {[%cal Rf5g6]} Ne5 25. Rb4 $15) 24... d5 25. exd5 Bxb4 26. axb4 exd5 $1 {[%cal Be6d5,Bd5d4][%mdl 32]} 27. Bd3 (27. Qxd5 $15 Ne7 28. Qe4) 27... Ne7 $17 {[%cal Bg6e7,Be7d5,Bd5b4,Bb4d3][%mdl 32]} 28. Qe1 Qb6 {And now ...d4 would win.} 29. Ne2 $2 (29. Nb3 $17) 29... Ba4 $19 30. Rc1 d4 {Hoping for ...Nd5.} 31. b3 $2 (31. Be4) 31... Nd5 {Black is clearly winning.} 32. Nc4 {[#]} Rxc4 $1 {[%mdl 512]} 33. Bxc4 (33. bxc4 Nxb4) 33... Nxb4 {White must now prevent ...Rxc4!} 34. Bxf7 Bd7 35. Kb2 {[#]} Rxc2+ $1 {[%mdl 512]} 36. Rxc2 Nd3+ {Precision: White = 25%, Black = 78%.} 0-1

[Event "Teplice Open 2018"]
[Site "Teplice"]
[Date "2018.06.17"]
[Round "2"]
[White "Kozusek, Daniel"]
[Black "Fridman, Daniel"]
[Result "1/2-1/2"]
[WhiteElo "2297"]
[BlackElo "2610"]
[Annotator "TA"]
[PlyCount "95"]
[EventDate "2018.06.16"]
[EventType "swiss"]
[EventCountry "CZE"]
[SourceTitle "playchess.com"]
[Source "ChessBase"]
[SourceQuality "1"]

{[%evp 10,95,62,54,72,69,72,60,63,66,60,35,52,54,52,56,39,43,51,41,47,50,54,41,89,61,99,90,102,97,98,110,122,99,133,108,160,133,206,208,216,135,136,137,131,131,133,134,129,101,93,106,85,83,100,25,25,28,22,23,31,23,53,19,20,14,14,14,16,20,15,16,8,0,3,0,0,8,8,0,0,0,0,0,0,0,0,0]} 1. d4 Nf6 2. c4 {[%cal Bc2c4,Bc4b5,Bb5a6,Ba6a7][%mdl 32]} c5 3. d5 b5 4. cxb5 a6 5. bxa6 g6 6. a7 {LiveBook: 9 Games. A58: Benko/Volga Gambit: Lines with 5 bxa6} (6. Nc3 Bg7 7. Nf3 O-O 8. g3 d6 9. Bg2 Nxa6 10. O-O Bf5 11. Nh4 Bd7 12. b3 Qb6 13. Bd2 Rfb8 14. Re1 Nc7 15. Qc2 Ra3 16. Qc1 Qa7 17. e4 Ng4 18. h3 {0-1 (38) Li,C (2732)-Shankland,S (2671) Liaocheng 2018}) 6... Na6 $146 ({Predecessor:} 6... Rxa7 7. Nc3 Ba6 8. e4 Bxf1 9. Kxf1 d6 10. Nf3 Nbd7 11. g3 Bg7 12. Kg2 O-O 13. Re1 Qa8 {1-0 (51) Teske,H (2461)-Ivanov,M (2359) Prague 2016}) 7. Nc3 {aiming for e4.} Bg7 8. e4 {[#] And now e5 would win.White is better.} O-O 9. Nf3 d6 10. h3 Rxa7 11. Bc4 Nc7 12. O-O Ba6 13. Bxa6 Rxa6 14. Bg5 Qa8 15. a4 Rb8 16. b3 h6 17. Be3 $36 {[%mdl 2048] Black is under pressure.} Rb4 {[#]} 18. Nd2 $1 e6 19. dxe6 Nxe6 20. Rc1 Qb7 21. Nc4 Qb8 22. Rb1 Rb7 ({Better is} 22... Nd4) 23. Qc2 Rd7 (23... Nd4 $16 {was called for.} 24. Bxd4 cxd4) 24. Rfd1 $18 Qb7 25. Rd2 d5 26. Nxd5 Nxd5 27. exd5 Rxd5 28. Rxd5 Qxd5 29. Rd1 Nd4 30. Bxd4 Bxd4 31. Ne3 Qe6 32. Qc4 (32. b4 $16) 32... Bxe3 $11 33. Qxe6 Rxe6 34. fxe3 Rxe3 {[%mdl 4096] Endgame KR-KR} 35. Rb1 Re6 36. Ra1 f5 {The position is equal.} 37. a5 {Strongly threatening a6.} Ra6 38. Kf2 {Hoping for Ke2.} Kf7 39. Ke3 {Black must now prevent Kd3.} Ke6 $1 40. Kd3 Kd5 41. Kc3 g5 42. b4 cxb4+ 43. Kxb4 {Kb5 is the strong threat.} Kc6 44. Kc4 f4 45. Kd4 Kb7 46. Ke5 Rc6 47. Ra2 Rc3 48. h4 {Precision: White = 56%, Black = 73%.} 1/2-1/2

[Event "Teplice Open 2018"]
[Site "Teplice"]
[Date "2018.06.17"]
[Round "2"]
[White "Peek, Marcel"]
[Black "Postny, Evgeny"]
[Result "0-1"]
[WhiteElo "2291"]
[BlackElo "2576"]
[Annotator "TA"]
[PlyCount "80"]
[EventDate "2018.06.16"]
[EventType "swiss"]
[EventCountry "CZE"]
[SourceTitle "playchess.com"]
[Source "ChessBase"]
[SourceQuality "1"]

{[%evp 23,80,-2,10,0,0,0,0,-17,-12,-39,-52,-150,-103,-103,-104,-97,-99,-147,-134,-194,-179,-172,-153,-156,-163,-244,-239,-236,-227,-326,-337,-414,-410,-405,-397,-520,-462,-1122,-1123,-1365,-1370,-1337,-1331,-1312,-1308,-996,-1058,-998,-999,-843,-678,-652,-651,-1097,-1105,-1068,-1043,-1284,-1249]} 1. d4 Nf6 2. c4 e6 3. Nf3 b6 4. Nc3 Bb4 5. Bg5 {[%cal Bc1g5,Bg5h4,Bh4g3][%mdl 32]} Bb7 6. e3 h6 7. Bh4 Bxc3+ 8. bxc3 d6 9. Nd2 g5 10. Bg3 Nbd7 11. h4 Rg8 {E13: Queen's Indian/Nimzo-Indian hybrid: 4 Nc3 Bb7 5 Bg5 h6 6 Bh4 Bb4} 12. hxg5 hxg5 {LiveBook: 12 Games} 13. f3 (13. Qa4 Ke7 14. f3 Rh8 15. Rg1 Qg8 16. Bd3 Nh5 17. Bf2 g4 18. O-O-O g3 19. Be1 {½-½ (37) Toro Solis de Ovando,G (2609)-Hertel,P (2632) ICCF email 2008}) 13... Qe7 {The position is equal.} 14. Qa4 a5 15. e4 $146 ({Predecessor:} 15. O-O-O O-O-O 16. Kb1 e5 17. e4 Rh8 18. Rg1 g4 19. Ka1 {0-1 (48) Legky,N (2365)-Shneider,A (2450) Kiev 1986}) 15... O-O-O 16. c5 dxc5 17. Rb1 (17. O-O-O $15) 17... e5 18. d5 Ne8 {[%cal Bf6e8,Be8d6,Bd6e4][%mdl 32]} 19. Bb5 Nd6 20. Bf2 Rh8 21. Rg1 (21. Bxd7+ $17 {was worth a try.} Qxd7 22. Qxd7+ Kxd7 23. Rxh8 Rxh8 24. Bg3) 21... f5 $19 22. Bc6 fxe4 23. Nxe4 Nxe4 24. Bxd7+ (24. Bxb7+ {is a better defense.} Kxb7 25. Qxe4) 24... Rxd7 25. fxe4 Qh7 {White must now prevent ...Rf8.} 26. Kd2 (26. Rd1 $142) 26... Qf7 27. Ke1 Qf4 {[#] ...Bxd5! is the strong threat.} 28. Qc2 Rf7 29. Rd1 g4 {Strongly threatening ...g3.Black is clearly winning.} 30. g3 (30. Qd2 $142) 30... Qf3 31. Rd2 Ba6 {[#] And now ...Rh1 would win.} 32. c4 Rh1 33. Rxh1 Qxh1+ 34. Ke2 Qf3+ 35. Ke1 Rh7 {( -> ...Rh1+)} 36. Re2 Rh1+ 37. Kd2 Rh2 38. Ke1 Qh1+ 39. Kd2 Qf1 40. Ke3 Bxc4 {Precision: White = 43%, Black = 94%.} 0-1

[Event "Teplice Open 2018"]
[Site "Teplice"]
[Date "2018.06.17"]
[Round "2"]
[White "Freisler, Pavel"]
[Black "Peralta, Fernando"]
[Result "0-1"]
[WhiteElo "2263"]
[BlackElo "2567"]
[Annotator "TA"]
[PlyCount "70"]
[EventDate "2018.06.16"]
[EventType "swiss"]
[EventCountry "CZE"]
[SourceTitle "playchess.com"]
[Source "ChessBase"]
[SourceQuality "1"]

{[%evp 16,70,5,0,17,-6,-4,-8,-15,-15,0,-26,-15,-20,-6,-31,-6,-15,0,-24,-27,-33,-37,-71,-73,-66,-71,-78,-98,-95,-84,-90,-102,-97,-85,-98,-47,-84,-84,-84,-75,-80,-84,-83,-90,-105,-98,-127,-127,-186,-170,-204,-135,-12826,-12740,-29992,-5603]} 1. Nf3 Nf6 2. c4 e6 3. g3 d5 4. d4 Bb4+ 5. Bd2 Be7 6. Bg2 O-O 7. O-O Nbd7 8. Qc2 c6 9. Rd1 a5 {E11: Bogo-Indian} 10. cxd5 $146 ({Predecessor:} 10. Bf4 h6 11. Nc3 dxc4 12. e4 b5 13. d5 cxd5 14. exd5 exd5 15. Nxd5 Nxd5 16. Rxd5 Bb7 17. Rxb5 {½-½ (33) Matlakov,M (2728)-Sadorra,J (2575) Tbilisi 2017}) 10... exd5 11. Nc3 Re8 {The position is equal.} 12. Bf4 Nf8 13. Ne5 Ne6 14. Be3 Nc7 15. h3 Nd7 16. f4 f6 17. Nf3 Nb6 18. Bf2 Bb4 19. Nh4 Bxc3 $1 20. bxc3 Nb5 $1 21. Re1 {[#]} Nd6 $1 22. e4 dxe4 {...g5 is the strong threat.} 23. Bxe4 Nxe4 24. Rxe4 Be6 ({Reject} 24... Bxh3 $6 25. Rxe8+ Qxe8 26. Qb3+ Nd5 27. c4 $11) 25. Rae1 Qd5 (25... Qd7 $17) 26. f5 Bf7 {Threatens to win with ...Rxe4.} 27. Rxe8+ Rxe8 28. Rxe8+ Bxe8 29. Qb2 Na4 30. Qxb7 Nxc3 31. Qe7 {[%cal Re7e8] [#]} Bf7 $1 32. Ng2 (32. a3 $17 {keeps fighting.}) 32... h5 33. g4 Qf3 34. Qd8+ $2 {[%mdl 8192]} (34. Qe3 $17 hxg4 35. hxg4 Qd1+ 36. Be1 Ne2+ 37. Kh2) 34... Kh7 $19 35. Qxa5 Bd5 {Precision: White = 24%, Black = 62%.} (35... Ne2+ $142 36. Kf1 hxg4 37. hxg4 Ng3+ 38. Kg1 Ne2+ 39. Kf1 Bc4 40. Ke1 Nc3 41. Kd2 Qd3+ 42. Kc1 Qb1+ 43. Kd2 Qb2+ 44. Ke3 Qe2+ 45. Kf4 Qxf2#) 0-1

[Event "Teplice Open 2018"]
[Site "Teplice"]
[Date "2018.06.17"]
[Round "2"]
[White "Blom, Vincent"]
[Black "Dastan, Muhammed Batuhan"]
[Result "0-1"]
[WhiteElo "2249"]
[BlackElo "2538"]
[Annotator "TA"]
[PlyCount "64"]
[EventDate "2018.06.16"]
[EventType "swiss"]
[EventCountry "CZE"]
[SourceTitle "playchess.com"]
[Source "ChessBase"]
[SourceQuality "1"]

{[%evp 15,64,0,-4,-71,-8,-11,-10,-172,-168,-168,-164,-158,-160,-244,-235,-296,-273,-276,-271,-278,-289,-279,-264,-284,-283,-289,-294,-293,-281,-282,-272,-312,-291,-316,-308,-306,-302,-298,-209,-352,-330,-532,-528,-452,-448,-429,-432,-850,-830,-748,-744]} 1. d4 f5 2. g3 Nf6 3. Bg2 g6 4. Nf3 Bg7 5. O-O O-O 6. c4 d6 7. b3 e5 8. dxe5 dxe5 {LiveBook: 23 Games} 9. Nxe5 {A87: Dutch Defence: Leningrad System: 5 Nf3} (9. Ba3 $11 {keeps the balance.}) (9. Ba3 Qxd1 10. Rxd1 Re8 11. Nc3 e4 12. Nd4 c6 13. e3 Nbd7 14. Rd2 Ne5 15. Rad1 Bf8 16. Bxf8 Kxf8 {1-0 (62) Troff,K (2511)-Vovk,A (2633) chess.com INT 2017}) 9... Qxd1 $146 ({Better is} 9... Nfd7 $17 10. Qd5+ Kh8) ({Predecessor:} 9... Ne4 10. f4 Nc6 11. Bb2 Qd6 12. Ba3 Qxd1 13. Rxd1 Re8 14. Nd2 Nxe5 15. Nxe4 Nxc4 16. bxc4 Bxa1 {0-1 (65) Shaidullina,S (2178)-Semenova,E (2170) Olginka 2011}) 10. Rxd1 $11 Nfd7 11. Bd5+ $2 (11. f4 $1 $11 {and White has nothing to worry.}) 11... Kh8 $19 12. f4 Nxe5 13. fxe5 {[#]} c6 $1 $36 {[%mdl 2048] White is under strong pressure.} ({Not} 13... Bxe5 14. Bh6 $11) 14. Ba3 {[#]} (14. Bf3 $17) 14... Rd8 $1 15. Nc3 {Black must now prevent Be6.} cxd5 16. Nxd5 {And now Nc7 would win.} Bxe5 17. Be7 Re8 18. Bf6+ Bxf6 19. Nxf6 Rf8 20. Rd6 Kg7 21. Nd5 {aiming for Nc7.} Nc6 22. Rd1 Rb8 23. Nc7 f4 24. Na6 bxa6 25. Rxc6 fxg3 26. hxg3 a5 27. Rd5 {[#]} (27. Rc7+ $142 Kg8 28. Rxa7) 27... a4 $1 28. Ra5 $2 (28. Rc7+ Kh6 29. Rd3) (28. bxa4 Rb1+) 28... axb3 {( -> ...b2). Black is clearly winning.} 29. axb3 Rxb3 30. Rxa7+ Kh6 31. Ra8 (31. Rcc7 $142) 31... Rb1+ 32. Kg2 {[#]} Bh3+ $1 {[%mdl 512] Precision: White = 25%, Black = 73%.} 0-1

[Event "Teplice Open 2018"]
[Site "Teplice"]
[Date "2018.06.17"]
[Round "2"]
[White "Parizek, Vojtech"]
[Black "Krysa, Leandro"]
[Result "0-1"]
[WhiteElo "2242"]
[BlackElo "2529"]
[Annotator "TA"]
[PlyCount "42"]
[EventDate "2018.06.16"]
[EventType "swiss"]
[EventCountry "CZE"]
[SourceTitle "playchess.com"]
[Source "ChessBase"]
[SourceQuality "1"]

{[%evp 13,42,-12,33,-69,-60,-65,-60,-58,-64,-263,-255,-254,-260,-260,-271,-323,-311,-300,-281,-405,-363,-488,-523,-589,-568,-1079,-1040,-1717,-1319,-1283,-847]} 1. e4 d6 2. d4 Nf6 3. Nc3 e5 4. Nf3 Nbd7 5. g4 (5. Bc4 Be7 6. a4 O-O 7. O-O c6 8. Re1 b6 9. h3 a6 10. Ba2 Rb8 11. Be3 b5 12. axb5 axb5 13. b4 Bb7 14. Bb3 exd4 15. Nxd4 d5 16. exd5 Bxb4 17. Bd2 cxd5 18. Ncxb5 Bxd2 19. Qxd2 {½-½ (30) Kryvoruchko,Y (2705)-Laznicka,V (2671) Brest 2018}) 5... g6 6. Rg1 {C41: Philidor Defence} Bg7 7. Be3 O-O {LiveBook: 3 Games} 8. Qd2 (8. dxe5 $14 Nxe5 9. Nxe5 dxe5 10. f3) 8... exd4 $15 9. Nxd4 $146 ({Predecessor:} 9. Bxd4 Re8 10. O-O-O c5 11. Be3 Nxe4 12. Nxe4 Rxe4 {0-1 (26) Serrano Felipe,R (2053)-Garcia Fernandez,C (2357) Mislata 2004}) 9... Ne5 $1 {[#] White must now prevent ...c5.} 10. Be2 $1 d5 {Threatens to win with ...c5.} ({Much worse is} 10... Bxg4 11. f4 $11) 11. f4 $2 ({White should play} 11. O-O-O $15) 11... Nexg4 $19 12. e5 Nxe3 13. Qxe3 c5 14. exf6 cxd4 15. Qxd4 Bxf6 16. Qd3 (16. Qf2 $142) 16... Bh4+ 17. Kd2 d4 {Black is clearly winning.} 18. Ne4 Bf5 19. Rg2 Qa5+ 20. c3 dxc3+ 21. Qxc3 Qd5+ {Precision: White = 28%, Black = 86%.} 0-1

[Event "Teplice Open 2018"]
[Site "Teplice"]
[Date "2018.06.18"]
[Round "3"]
[White "Demchenko, Anton"]
[Black "Saduakassova, Dinara"]
[Result "0-1"]
[WhiteElo "2670"]
[BlackElo "2491"]
[Annotator "TA"]
[PlyCount "110"]
[EventDate "2018.06.16"]
[EventType "swiss"]
[EventCountry "CZE"]
[SourceTitle "playchess.com"]
[Source "ChessBase"]
[SourceQuality "1"]

{[%evp 21,110,20,66,0,28,34,37,64,60,20,37,20,39,28,26,27,81,79,70,69,106,-19,-25,-34,-24,-19,-30,-36,-32,-122,-127,-118,-123,-136,-127,-145,-130,-100,-119,-92,-87,-206,-214,-235,-219,-419,-443,-535,-539,-518,-514,-805,-777,-688,-434,-460,-431,-401,-350,-676,-673,-630,-655,-643,-645,-646,-642,-621,-605,-556,-524,-870,-868,-1241,-1237,-1185,-901,-1651,-1586,-1337,-919,-5306,-1929,-12846,-2107,-12834,-5402,-29975,-29976,-29985,-29986]} 1. e4 c5 2. Nf3 e6 3. d4 cxd4 4. Nxd4 Nc6 {[%cal Bb8c6,Bc6e5,Be5g4][%mdl 32]} 5. Nc3 Qc7 6. Be3 a6 7. Qf3 {B48: Sicilian: Taimanov: 5 Nc3 Qc7 6 Be3 a6 without Be2} Nf6 8. O-O-O Ne5 9. Qg3 b5 10. f4 Neg4 11. Bg1 h5 {[#] LiveBook: 18 Games. Threatens to win with ...b4.} 12. Bd3 Bb7 {And now ...b4 would win.} 13. h3 b4 14. Na4 Nh6 15. Qe3 d5 $1 {[%cal Rd5e4]} 16. e5 Ne4 17. Bf2 Rc8 18. Kb1 g6 (18... Bc6 $11 {remains equal.} 19. Bxe4 (19. Nxc6 Qxc6 20. b3 Be7 $11) 19... dxe4 20. Nxc6 Qxc6) 19. Bxe4 $16 dxe4 20. Bh4 Bg7 21. Bf6 (21. Rhg1 $16) 21... Bxf6 $11 22. exf6 Ng8 23. Nb3 Nxf6 ({Don't play} 23... Qxc2+ $6 24. Ka1 $16) 24. Qd4 Qe7 25. Nac5 ({White should try} 25. Nbc5 $1 $15 Bc6 26. Nb6 (26. Qxb4 e3 $15)) 25... Bd5 $17 26. Nxa6 Rc4 $36 {[%mdl 2048] Black is on the roll.} 27. Qb6 O-O 28. Rd4 Rxd4 29. Nxd4 e3 30. Nxb4 Bxg2 31. Re1 {[#]} (31. Rg1 $17 {only move.} Nd7 32. Qb5) 31... Nd7 $1 $19 {[%cal Rd7b6]} ({Much less strong is} 31... Bxh3 32. Ndc6 $17) 32. Qa5 Qd6 33. Nb3 $2 (33. c3 {was the only defense.}) 33... Ra8 34. Qg5 Qxb4 35. Rxe3 Bd5 36. Nc1 (36. Qg3 $142) 36... Nc5 37. Qe5 Rb8 38. a3 Qb7 39. Qd4 Rc8 40. c4 $2 (40. f5) 40... Be4+ 41. Ka2 Bf5 42. Re5 Qh1 43. Rxc5 Rxc5 44. Qxc5 {and the idea Qe3 leaves White hopeful.} Qxc1 45. a4 Bd3 46. Kb3 Bc2+ 47. Kb4 Qxb2+ 48. Ka5 Qc3+ 49. Qb4 Qxh3 50. c5 Qf3 51. Kb6 Be4 52. a5 h4 {[%cal Bh5h4,Bh4h3][%mdl 32]} 53. a6 h3 54. Qd2 Qb3+ 55. Ka7 Qd5 {Precision: White = 33%, Black = 71%.} 0-1

[Event "Teplice Open 2018"]
[Site "Teplice"]
[Date "2018.06.18"]
[Round "3"]
[White "Romanov, Evgeny"]
[Black "Admiraal, Miguoel"]
[Result "1/2-1/2"]
[WhiteElo "2628"]
[BlackElo "2465"]
[Annotator "TA"]
[PlyCount "57"]
[EventDate "2018.06.16"]
[EventType "swiss"]
[EventCountry "CZE"]
[SourceTitle "playchess.com"]
[Source "ChessBase"]
[SourceQuality "1"]

{[%evp 10,57,0,-10,-7,-13,0,-30,0,-20,-15,-4,-11,0,-20,-19,-2,-33,0,0,0,0,6,0,0,0,0,0,0,0,0,0,0,0,0,0,0,0,27,14,19,15,51,20,21,0,14,0,31,0]} 1. d4 d5 2. Bg5 h6 3. Bh4 c6 4. Nc3 Bf5 5. f3 Nf6 6. Qd2 {LiveBook: 6 Games. D00: 1 d4 d5: Unusual lines} Bh7 7. e4 dxe4 8. fxe4 {The position is equal.} e5 9. Bxf6 Qxf6 10. dxe5 Qxe5 11. O-O-O {[%csl Gd1][%cal Rd2d8] [#]} Be7 12. Nf3 Qc7 13. e5 O-O 14. Bd3 Bxd3 15. Qxd3 Na6 16. Ne4 Nc5 17. Nxc5 Bxc5 18. Qf5 Rad8 19. e6 Be3+ 20. Kb1 Qe7 21. Rd7 Rxd7 22. exd7 {And now Re1 would win.} Rd8 23. Rd1 Bb6 24. a3 Qe6 25. Qd3 $1 Qd5 26. Qe2 Qe6 $1 {[%cal Re6e2]} 27. Qd3 Qd5 28. Qe2 Qe6 $1 {[%cal Re6e2]} 29. Qd3 {Precision: White = 48%, Black = 60%.} 1/2-1/2